Music Quiz

Random Music or Song Quiz
Score 0/21 Timer 03:00
0 Plays Today
% Correct
For Whom The Bell Tolls
96.9%
Am I Evil?
95.3%
Creeping Death
94.4%
Blackened
94.2%
Holier Than Thou
93.2%
Seek & Destroy
92.6%
Ride The Lightning
92.4%
Metal Militia
91.6%
Don't Tread On Me
90.3%
The God That Failed
90.3%
2 X 4
90.1%
% Correct
No Leaf Clover
88.7%
Escape
88.3%
Turn The Page
85.6%
Welcome Home
85%
Poor Twisted Me
79.2%
Unnamed Feeling
73.9%
It's Electric
70.4%
Overkill
69.5%
Killing Time
63.4%
Loverman
61.9%
Remove Ads.
Support Sporcle.
Get the best of Sporcle when you Go Orange. This ad-free experience offers more features, more stats, and more fun while also helping to support Sporcle. Thank you for becoming a member.

You're not logged in!

Compare scores with friends on all Sporcle quizzes.
OR
Log In

Show Comments

Extras

Top Quizzes Today


Score Distribution

Your Account Isn't Verified!

In order to create a playlist on Sporcle, you need to verify the email address you used during registration. Go to your Sporcle Settings to finish the process.

Report this User

Report this user for behavior that violates our Community Guidelines.

Details: